| 000 | 01221nam a2200397 a 4500 | ||
|---|---|---|---|
| 001 | dia_1139 | ||
| 003 | CHAP | ||
| 005 | 20231011134639.0 | ||
| 007 | ta | ||
| 008 | 220117s1985 mx ad fr 001 0 spa d | ||
| 010 | _a171685 | ||
| 020 | _a968-13-1661-4 | ||
| 040 |
_cCHAP _amxchpua |
||
| 050 |
_aHF5415.13 _b.K68 1985 |
||
| 082 |
_a658.8 _bK68 1985 _220 |
||
| 100 | 1 |
_aKotler, Philip _963789 _eautor |
|
| 240 |
_aMarketing management. _lEspañol |
||
| 245 | 1 | 3 |
_aDirección de mercadotecnia : _banálisis, planeación y control / _cPhilip Kotler ; traductor R. Quijano R. |
| 250 | _a4a edición | ||
| 260 |
_aMéxico : _bDiana, _c1985 |
||
| 300 |
_a866 páginas : _bilustraciones, gráficas, diagramas, tablas |
||
| 336 |
_2rdacontent _atexto _btxt |
||
| 337 |
_2rdamedia _asin medio _bn |
||
| 338 |
_2rdacarrier _avolumen _bnc |
||
| 503 | _aC/e | ||
| 650 | 1 | 3 |
_aMercadotecnia _9148164 |
| 650 | 1 | 3 |
_aAnálisis de mercado _9161965 |
| 650 | 1 | 3 |
_aMarketing _9148134 |
| 650 | 1 | 3 |
_aMarket analysis _9161966 |
| 700 | 1 |
_9188126 _aQuijano R., R. _etraductor |
|
| 901 | _a658.8 K68 1985 | ||
| 902 | _aM | ||
| 905 | _a0000001985 MX A 0000000000SPA00 | ||
| 942 | _2ddc | ||
| 942 | _cLIBRO | ||
| 999 |
_c171685 _d171685 |
||